00648nam a2200241 a 4500001001300000003000900013005001700022008004100039020000800080082001600088100002000104245001000124260003200134300000800166500003500174505002800209650002500237700002000262902000800282942000700290952009400297999001500391nice12345678IN_TiNIC20260116011651.0050524s1937 teha grs 000 0 31g  ac000a231.74bLEV aLevonian, Lotfi aIlham aTehranbBrukhim Pressc1937 a19p aincludes index and biblioraphy2 aHand Written Manuscript aRevelation-Christian1 aLevonian, Lotfi bSRS cPS 00104070aHMIbHMId2005-05-24g0.00l0o231.74 LEVp5007r2005-05-24w2026-01-16yARB c3267d3267